000 00755nam a2200229Ii 4500
003 JO-AjNU
008 230605s9999||||xx |||||||||||||| ||und||
017 _a1984/3906
020 _a977-02-0931-7
040 _aJO-AjNU
_bara
_erda
_cJO-AjNU
041 _aara
050 1 4 _aPJ8206.D3 1984
100 3 _aتاليف ضيف، شوقي,
_eauthor
_946074
245 0 0 _aعصر الدول والإمارات: مصر- الشام
264 3 1 _aالقاهرة: دار المعارف، 1984
300 _a844ص
336 _atext
_btxt
_2rdacontent
337 _aunmediated
_bn
_2rdamedia
338 _avolume
_bnc
_2rdacarrier
490 0 _aتاريخ الادب العربي؛ 6
650 4 _aالادب العربي - مصر - تاريخ ونقد
_946075
999 _aA20018
_c23586
_d23586